| 000 | 01295cam a2200193 4500 | ||
|---|---|---|---|
| 001 | ##L132489 | ||
| 008 | 060213n2006 000 0 eng u | ||
| 035 | _a(Sirsi) u132489 | ||
| 041 | 0 | _aeng | |
| 050 | 0 | 4 | _a306.76 $2 18 |
| 110 | 1 |
_aUnited Kingdom _bOffice of the Deputy Prime Minister: Gypsy and Traveller Unit _94880 |
|
| 245 | 0 | 0 |
_aLocal authorities and gypsies and travellers _bguide to responsibilities and powers |
| 260 |
_aLondon _bODPM _c2006 |
||
| 520 | _aProvides information on what needs to be done and how it should be done to meet the government objective of ensuring that the settled community and gypsies and travellers live together peacefully. Covers gypsy and traveller history and the facts, site provision, why local authorities should make this a priority, unauthorised encampments and developments, anti-social behaviour and what government will do. | ||
| 590 | _aIKA140206 | ||
| 690 | _aENVIRONMENTAL AND LAND CONSULTANCY-PLANNING AND DEVELOPMENT-DEVELOPMENT CONTROL-PLANNING ENFORCEMENT | ||
| 856 | 4 | 0 |
_uhttps://webarchive.nationalarchives.gov.uk/20060605104300/communities.gov.uk/pub/400/LocalAuthoritiesandGypsiesandTravellersGuidetoresponsibilitiesandpowersPDF223KB_id1163400.pdf _zView the item free of charge at webarchive.nationalarchives.gov.uk |
| 942 | _n0 | ||
| 999 |
_c105154 _d105154 |
||